Virtuální polytechnická knihovna - Souborný katalog - Úplný záznam dokumentu - MARC Uživatel: --- 
-----nas  22-----zu 4500
001 SKVPK0031891
003 CZ-VPK
005 20260423122817.0
008 260423d19681977||||| | |||  ||   |||||||
022   $a0029-7488
040   $aABA013$bcze
222  0$aOberfläche
245 00$aOberfläche
260   $aNěmecko :$bBerlin : Bertelsmann, 1968,$c1968-1977
650 07$aekonomické vědy$xev$2psh
650 07$apožární ochrana$xst$2psh
780 00$tSchleif- und Poliertechnik$x0370-9159
780 00$tJOT$x0021-3756
780 00$tOberfläche + JOT$x0170-4044
910   $aABA013$r1968-1977
OAI-PMH
 čtvrtek 14.05.2026 01:20:57 © 2001-2015 Národní technická knihovna 

[Virtuální polytechnická knihovna] [Servisní centrum] [Souborný katalog]